| Tag |
First Indicator |
Second Indicator |
Subfields |
| LEADER |
00000cam a2200000 a 4500 |
| 001 |
in00000767430 |
| 005 |
20151017052828.0 |
| 008 |
880128s1989 nyu b l00110 eng |
| 010 |
|
|
|a 88004009
|
| 020 |
|
|
|a 0195055454 (alk. paper) :
|c $32.50
|
| 035 |
|
|
|a (OCoLC)17546208
|
| 035 |
|
|
|9 ADL1983AM
|
| 040 |
|
|
|a DLC
|c DLC
|d TXA
|d UtOrBLW
|
| 043 |
|
|
|a a-ii---
|
| 049 |
|
|
|a TXAM
|c [A11902775]
|
| 050 |
0 |
0 |
|a BL1226.12
|b .S65 1989
|
| 082 |
0 |
|
|a 294.5/38
|2 19
|
| 100 |
0 |
|
|a Marut,
|c Lama,
|d 1953-
|
| 245 |
1 |
0 |
|a Reflections on resemblance, ritual, and religion /
|c Brian K. Smith.
|
| 264 |
|
1 |
|a New York :
|b Oxford University Press,
|c 1989.
|
| 300 |
|
|
|a xiv, 265 pages ;
|c 22 cm.
|
| 336 |
|
|
|a text
|b txt
|2 rdacontent
|
| 337 |
|
|
|a unmediated
|b n
|2 rdamedia
|
| 338 |
|
|
|a volume
|b nc
|2 rdacarrier
|
| 504 |
|
|
|a Bibliography: pages [226]-251.
|
| 500 |
|
|
|a Includes index.
|
| 650 |
|
0 |
|a Hinduism
|x Rituals.
|
| 650 |
|
0 |
|a Hinduism
|x Doctrines.
|
| 999 |
|
|
|a MARS
|
| 999 |
f |
f |
|s 5d16f21b-1bf8-367f-83e8-69f6cf484b09
|i 316cc854-716e-3b9f-b615-4e75992ebdfe
|t 0
|
| 952 |
f |
f |
|p normal
|a Texas A&M University
|b College Station
|c Sterling C. Evans Library
|d Evans: Library Stacks
|t 0
|e BL1226.12 .S65 1989
|h Library of Congress classification
|i unmediated -- volume
|m A14811902775
|
| 998 |
f |
f |
|a BL1226.12 .S65 1989
|t 0
|l Evans: Library Stacks
|